|
|
|
|
| LEADER |
00000cam a2200000 7i4500 |
| 001 |
0000022077 |
| 005 |
20081017.0 |
| 020 |
|
|
|a 9789832220244
|
| 040 |
|
|
|a INS
|
| 090 |
0 |
0 |
|a DS596.3
|b S94 2007
|
| 100 |
1 |
|
|a Syed Hamid Albar
|c Dato' Seri
|
| 245 |
1 |
0 |
|a Issues in Malaysian foreign policy and diplomacy :
|b selected speeches by Syed Hamid Albar :
|b on dialogue and other policy issues
|c Dato' Seri Syed Hamid Albar
|
| 260 |
|
|
|a Kuala Lumpur :
|b Institute of Diplomacy and Foreign Relations( IDFR ) ,
|c 2007
|
| 300 |
|
|
|a x,77p. ;
|c 21cm.
|
| 650 |
0 |
0 |
|a International relations
|
| 650 |
0 |
0 |
|a Malaysia
|x Foreign relations
|
| 650 |
0 |
0 |
|a Speeces, addresses, etc.
|
| 999 |
|
|
|a 0000020161
|b BOOK
|c Open Shelf
|e Default branch
|